Fünf Länder pro Kontinent nach Einführung des Frauenwahlrechts - Statistiken

Allgemein
  • Dieses Quiz wurde 84 mal gespielt
  • Das Durchschnittsergebnis liegt bei 15 aus 30
Antwortstatistiken
Kontinent Datum Land % Korrekt
Nordamerika 18. August 1920 Vereinigte Staaten
89%
Nordamerika 24. Mai 1918 Kanada
87%
Ozeanien 14. Oktober 1893 Neuseeland
87%
Ozeanien 12. Juni 1902 Australien
86%
Südamerika 27. Dezember 1947 Argentinien
84%
Südamerika 24. Februar 1932 Brasilien
83%
Europa 1913 Norwegen
82%
Europa 5. Juni 1915 Dänemark
79%
Europa 20. Juli 1906 Finnland
79%
Südamerika 16. Dezember 1932 Uruguay
76%
Ozeanien 17. April 1963 Fidschi
70%
Südamerika 28. März 1946 Venezuela
67%
Nordamerika 3. Februar 1934 Kuba
66%
Europa 20. Juli 1917 Russland
63%
Europa 5. Juni 1915 Island
62%
Südamerika 1928 Guyana
57%
Nordamerika 1942 Dominikanische Republik
47%
Nordamerika 20. November 1944 Jamaika
46%
Ozeanien 15. Februar 1964 Papua-Neuguinea
42%
Ozeanien 1960 Tonga
39%
Afrika 7. Mai 1946 Liberia
29%
Afrika 1919 Kenia
22%
Asien 22. November 1918 Georgien
18%
Asien 28. Mai 1918 Armenien
17%
Asien 7. Dezember 1918 Aserbaidschan
16%
Afrika 19. Februar 1945 Senegal
12%
Asien 1923 Myanmar
8%
Afrika 1919 Simbabwe
8%
Afrika 22. August 1945 Togo
8%
Asien Juni 1918 Kirgisistan
7%
Keine übereinstimmenden Quizze gefunden
Verteilung der Resultate
Anzahl Personen mit jedem Resultat
Perzentil nach korrekt beantworteten Fragen
Ihre Resultats-Entwicklung
Sie haben dieses Quiz noch nicht gespielt